00223nam a22000857a 4500008004100000100002200041245002900063260003600092300000900128260422b |||||||| |||| 00| 0 eng d aNarayanachar, K S aMula Sankshepta Ramayana aHublibSahitya Prakashanac2016 a168p